00642nam a2200217Ia 4500003000400000005001700004008004100021020001500062022001500077040000700092041000800099082001600107100002500123245003700148260004500185300000900230650002200239942001300261999001900274952013100293OSt20250926121726.0250729s2005 xx 000 0 und d a8171697518 28171697518 cAL aeng a311.22 PRAH aPrakash ravi9222787 aHistorical research in education aNew DelhibCommonwealth Publishersc2005 a357p aEducation9222788 2ddccBED c235610d235610 00104070aALbALd2025-07-29eSita Book Houseg185.00l0o311.22 PRAHpBED00929r2025-07-29 16:54:08v185.00w2025-07-29yBK